000 00977nam a2200217 a 4500
001 BRCA_6054
005 20190320205320.0
008 170608s1996----mx-a---###---#000-0#spa-#
050 4 _aAM5
_b.B45 1996
100 1 _aBeltrán Fernández, Adriana
_915274
245 1 0 _aComunicación y tiempo lúdico en la museografía
_binvestigación y proyecto para el uso de medios de comunicación en la Sala Mexica del Museo Nacional de Antropología, Ciudad de México.
260 _aCiudad de México
_c1996
300 _a137 p.
_bil.
502 _aTesis Licenciatura (Licenciado en Comunicación) Fundación Universidad de las Américas-Puebla, Escuela de Ciencias Sociales
610 2 4 _aMuseo Nacional de Antropología (Ciudad de México)
_vMedios de comunicación
_xSala Mexica
_915275
650 1 4 _aMuseografía
_xComunicación
_915276
700 1 _aLuna Suárez, Mari Nieves
_eCoautor
_915277
700 1 _aBouhellec, Laurence Le
_easesor
_915278
902 _aTES
942 _2lcc
_cTES
999 _c5741
_d5741